000 00266nam a2200097Ia 4500
001 694953
005 20250826161943.0
008 250824s9999 xx 000 0 und d
245 0 _aKRAL JOHNUN YAŞAMI VE ÖLÜMÜ
_cWILLIAM SHAKESPEARE
260 _bTÜRKİYE İŞ BANKASI
999 _c694953
_d694953